| 000 | 00647nam a2200193 a 4500 | ||
|---|---|---|---|
| 001 | 3835 | ||
| 003 | CDMR | ||
| 005 | 20131004112333.0 | ||
| 008 | 130130s1989||||||||||||||||||||||||||||d | ||
| 020 | _a8474886554 | ||
| 040 |
_aCDMR _bcat _cCDMR |
||
| 245 | 0 |
_a10 años de libertad de información en la radio española (1977-1987) _cedición a cargo de rosa Franquet y Josep Maria Martí |
|
| 260 |
_aBarcelona _c1989 _bU.A.B. |
||
| 300 | _a214 p. | ||
| 500 | _aJornadas sobre la libertad informativa en los medios audiovisuales españoles | ||
| 700 | 1 |
_9210 _aFranquet, Rosa _eed. |
|
| 700 | 1 |
_9498 _aMartí Martí, Josep Maria _eed. |
|
| 942 |
_cMON _2ddc |
||
| 999 |
_c3835 _d3835 |
||